00281pab a2200121 454500008004000000100001700040245004300057260000900100300001300109362001200122650001200134773001300146180718b1979 xxu||||| |||| 00| 0 eng d aMathur, G.C. aConservation of existing housing stock c1979 ap.60-70. aOct-Dec aHousing aNagarlok